| 000 | 00938nam a2200217Ia 4500 | ||
|---|---|---|---|
| 003 | GCL | ||
| 008 | 140319s9999 xx 000 0 ara d | ||
| 020 | _a8457916 | ||
| 040 |
_aGCL / _cGCL |
||
| 082 | 0 | 4 |
_a214 _bج ص |
| 100 | 1 | _aابن الجوزى : ابوالفرج جمال الدين عبدالرحمن بن على بن محمد بن على القرشى البغدادى | |
| 245 | 1 | 0 |
_aصيد الخاطر / _cابن الجوزى : ابوالفرج جمال الدين عبدالرحمن بن على بن محمد بن على القرشى البغدادى |
| 700 | 1 | _aعبدالقادر احمد عطا | |
| 260 |
_aالقاهرة : _bمكتبة الكليات الازهرية ، _c1979 |
||
| 300 |
_a727 ص ؛ _c22 سم |
||
| 650 | 0 | 4 | _aالاسلام |
| 650 | 0 | 4 | _aالاسلام والمجتمع |
| 650 | 0 | 4 | _aالثقافة الاسلامية |
| 650 | 0 | 4 | _aالتعليم الدينى الاسلامى |
| 942 |
_2ddc _cBK |
||
| 999 |
_c1686 _d1686 |
||